| 000 | 01911nam a2200457Ii 4500 | ||
|---|---|---|---|
| 001 | DIGFUNDV0022 | ||
| 003 | NyNyDIG | ||
| 008 | 190312s2003 sp ob 100 0 spa d | ||
| 006 | m o d | ||
| 007 | cr ||||||||||| | ||
| 035 | _a(OCoLC)889260961 | ||
| 040 |
_aDGITA _beng _erda _epn _cDGITA |
||
| 043 | _ae-sp--- | ||
| 050 | 1 | 4 | _aR726 ebook |
| 082 | 0 | 4 | _a179.7 |
| 245 | 0 | 0 | _aÉtica y sedación al final de la vida. |
| 264 | 1 |
_aBarcelona : _bFundació Víctor Grífols i Lucas, _c[2003] |
|
| 300 | _a1 online resource. | ||
| 336 |
_atext _2rdacontent |
||
| 337 |
_acomputer _2rdamedia |
||
| 338 |
_aonline resource _2rdacarrier |
||
| 490 | 1 |
_aCuadernos de la Fundació Víctor Grífols i Lucas ; _vno. 9 |
|
| 500 | _aPaper of a seminar held in Barcelona at the Fundació Víctor Grífols i Lucas. | ||
| 504 | _aIncludes bibliographical references. | ||
| 588 | 0 | _aOnline resource; title from PDF cover (Digitalia, viewed March 15, 2019) | |
| 650 | 0 |
_aTerminal sedation _zSpain _vCongresses. |
|
| 650 | 0 |
_aTerminal care _xMoral and ethical aspects _zSpain _vCongresses. |
|
| 650 | 0 |
_aPalliative treatment _xMoral and ethical aspects _zSpain _vCongresses. |
|
| 650 | 0 |
_aTerminally ill _xCare _xMoral and ethical aspects _zSpain _vCongresses. |
|
| 650 | 0 |
_aMedical ethics _zSpain _vCongresses. |
|
| 655 | 7 |
_aConference papers and proceedings. _2lcgft |
|
| 655 | 0 | _aElectronic books. | |
| 791 | 2 |
_aDigitalia (Firm), _edistributor. |
|
| 793 | 0 |
_gDigitalia eBook Collection: _aFundació Víctor Grifols i Lucas |
|
| 776 | 0 | 8 |
_iPrint version: _tÉtica y sedación al final de la vida. _dBarcelona : Fundació Víctor Grífols i Lucas, [2003] |
| 830 | 0 |
_aCuadernos de la Fundació Víctor Grífols i Lucas ; _v9. |
|
| 830 | 0 |
_aCuadernos de bioética ; _v9. |
|
| 856 | 4 | 0 |
_3Digitalia Hispánica _uhttps://www.digitaliapublishing.com/a/24311/ |
| 910 | _aPremium collection: 2019 | ||
| 942 | _cRAA | ||
| 999 |
_c238310 _d238310 |
||